000 01755nam a2200493 a 4500
001 20471
003 VRT
005 20260122144547.0
008 961209q1995 xo p 000 1 slo c
020 _a8088834279 (brož.)
035 _aUKB000210388
039 9 _a202404091532
_bAUTHORITY
_c201104261217
_dgluc
040 _aBAA001
_bslo
_cBAA001
_eAACR2
041 1 _aslo
_aspa
_heng
044 _axo
_cSK
080 _a820-31
080 _a860-31
100 1 _aCervantes y Saavedra, Miguel de,
_d1547-1616
243 1 0 _aRenesančná próza
245 0 0 _aPoviedky
_bvýber z tvorby
_cMiguel de Cervantes Saavedra, Geofrey Chaucer ; [prel. Jozef Felix ... et al.]
260 _aRohovce
_bInterpopulart Slovakia
_c[1995]
300 _a126 s.
490 1 _aPopulart. Študentská knižnica
_v28
500 _aRenesančná próza
504 _aBibliogr. s. 124
505 1 _aDon Quijote ; Príkladné novely / M. de Cervantes Saavedra ; Canterburské poviedky / G. Chaucer
650 0 7 _aliteratúra anglická renesančná
650 0 7 _aliteratúra španielska renesančná
650 0 7 _aromány
653 _a820-31
653 _a860-31
700 1 _aChaucer, Geoffrey,
_d1340-1400
_4aut
700 1 _aFelix, Jozef,
_d1913-1977
_4trl
760 1 _tPopulart. Študentská knižnica
774 0 _tDon Quijote
_aCervantes y Saavedra, Miguel de, 1547-1616
774 0 _tPríkladné novely
_aCervantes y Saavedra, Miguel de, 1547-1616
774 0 _tCanterburské poviedky, Geofrey, 1340-1400
830 0 _aPopulart. Študentská knižnica
_v28
910 _aukb
942 _2ddc
_cKLDO
_n0
949 _61800009244
_a30.D.66680
_bPV.5675-96
949 _61800009243
_aSL.D.24703
_bPV.5676-96
949 _61800065038
_a30.D.66680
_bNA.238-99
999 _c20471
_d20471